000 00652nam a2200241Ia 4500
003 OSt
005 20220924122648.0
006 a|||||r|||| 00| 0
007 ta
008 220923b |||||||| |||| 00| 0 urd d
020 _c1.31
024 _a310672
037 _cTextual
040 _aARTS
_cARTS
_burd
041 _2urd
_aurd
082 _aO168,1:g, J8
100 _aNauaharvi Shabihaul Hasan
_9190265
245 0 _aTanqeed-o-tehleel
260 _aLucknow
_bIdara-e-Farogh-e-Urdu India
_c1958
650 _aURDU POETRY
942 _hO168,1:g, J8
_cTEXL
_2CC
999 _c412549
_d412549